00776nam a2200217 i 450000100060000000300090000600500170001500700030003200800410003508000310007608000110010710000350011824500980015326000420025130000350029365000270032865000590035565000600041471000320047485200520050618182ES-MaACL20250912063036.0t|011003s1969 fr ||||1| spa d a325.254.4:32(460)"1939/45" a940.531 aVilanova, Antonio, d1923-200814aLos olvidados b: los exilados españoles en la Segunda Guerra Mundial / cAntonio Vilanova. a[Paris] : bRuedo Ibérico, c[1969] aXIX, 509 p. : bil. ; c23 cm.14aExiliados españoles.14aGuerra mundial, 1939-1945-xCampos de concentración.00aGuerra mundial, 1939-1945-xParticipación española.2 aÉditions Ruedo ibérico. aES-MaACLjAND-108 z- Biblioteca Juan Andrade.